Computational methods for fluid dynamics / (Record no. 63627)

000 -LEADER
fixed length control field 01226cam a2200313 a 4500
001 - CONTROL NUMBER
control field 12569372
003 - CONTROL NUMBER IDENTIFIER
control field NUST - PNEC
005 - DATE AND TIME OF LATEST TRANSACTION
control field 20170116180818.0
008 - FIXED-LENGTH DATA ELEMENTS--GENERAL INFORMATION
fixed length control field 011026s2002 gw a b 001 0 eng
010 ## - LIBRARY OF CONGRESS CONTROL NUMBER
LC control number 2001054995
020 ## - INTERNATIONAL STANDARD BOOK NUMBER
International Standard Book Number 9783540420743
020 ## - INTERNATIONAL STANDARD BOOK NUMBER
International Standard Book Number 3540420746
040 ## - CATALOGING SOURCE
Original cataloging agency DLC
Transcribing agency LIBRARY
Modifying agency DLC
050 00 - LIBRARY OF CONGRESS CALL NUMBER
Classification number QA911
Item number .F434 2002
082 00 - DEWEY DECIMAL CLASSIFICATION NUMBER
Classification number 620.1 FER
Edition number 23
100 1# - MAIN ENTRY--PERSONAL NAME
Personal name Ferziger, Joel H.
245 10 - TITLE STATEMENT
Title Computational methods for fluid dynamics /
Statement of responsibility, etc. Joel H. Ferziger, Milovan Perić.
250 ## - EDITION STATEMENT
Edition statement 3rd, rev. ed.
260 ## - PUBLICATION, DISTRIBUTION, ETC.
Place of publication, distribution, etc. Berlin ;
-- New York :
Name of publisher, distributor, etc. Springer,
Date of publication, distribution, etc. c2002.
300 ## - PHYSICAL DESCRIPTION
Extent xiv, 423 p. :
Other physical details ill. ;
Dimensions 24 cm.
504 ## - BIBLIOGRAPHY, ETC. NOTE
Bibliography, etc. note Includes bibliographical references (p. 409-420) and index.
650 #0 - SUBJECT ADDED ENTRY--TOPICAL TERM
Topical term or geographic name entry element Fluid dynamics
General subdivision Data processing.
-- ME
700 1# - ADDED ENTRY--PERSONAL NAME
Personal name Perić, M.
Fuller form of name (Milovan),
Dates associated with a name 1957-
856 42 - ELECTRONIC LOCATION AND ACCESS
Materials specified Publisher description
Uniform Resource Identifier <a href="http://www.loc.gov/catdir/enhancements/fy0817/2001054995-d.html">http://www.loc.gov/catdir/enhancements/fy0817/2001054995-d.html</a>
856 41 - ELECTRONIC LOCATION AND ACCESS
Materials specified Table of contents only
Uniform Resource Identifier <a href="http://www.loc.gov/catdir/enhancements/fy0817/2001054995-t.html">http://www.loc.gov/catdir/enhancements/fy0817/2001054995-t.html</a>
906 ## - LOCAL DATA ELEMENT F, LDF (RLIN)
a 7
b cbc
c orignew
d 1
e ocip
f 20
g y-gencatlg
942 ## - ADDED ENTRY ELEMENTS (KOHA)
Source of classification or shelving scheme
Koha item type Book
Holdings
Withdrawn status Lost status Source of classification or shelving scheme Damaged status Not for loan Permanent Location Current Location Shelving location Date acquired Source of acquisition Cost, normal purchase price Total Checkouts Full call number Barcode Date last seen Cost, replacement price Price effective from Koha item type
          Pakistan Navy Engineering College (PNEC) Pakistan Navy Engineering College (PNEC) Reference 05/21/2015 ZS Dictionary Books/Library Grant 10180.00   620.1 FER PNECLIB-032125 06/11/2015 10180.00 05/21/2015 Book
© 2023 Central Library, National University of Sciences and Technology. All Rights Reserved.